000 00568nam a2200181Ia 4500
008 090124s9999 xx 000 0 und d
082 _b23226
100 _aआचार्य नयना
245 _a बाप-बेटा व ती
250 _a0
260 _b"नयना पब्लिकेशन , ठाणे 2"
_c1985
300 _a152
600 _aआचार्य नयना
630 _a बाप-बेटा व ती
700 _aआचार्य नयना
730 _a बाप-बेटा व ती
942 _cBOOK
999 _c92309
_d92309